Score 0/20 Timer 10:00
0 Plays Today
% Correct
Mama
98.1%
Minho
97.8%
YG Entertainment
97.7%
SM Entertainment
96.9%
BTOB
96.5%
Pledis Entertainment
96.5%
Miss A
96.3%
Sulli
96.2%
Jessica
95.7%
Jungkook
94.2%
% Correct
B.A.P
93.8%
Orange Caramel
93%
Henry
93%
Ren
92.8%
Naeun
92.3%
Kyuhyun
91.1%
Doojoon
90.9%
Girl's Day
89.2%
Chunji
85.7%
Siwan
81.8%
Remove Ads.
Support Sporcle.
Get the best of Sporcle when you Go Orange. This ad-free experience offers more features, more stats, and more fun while also helping to support Sporcle. Thank you for becoming a member.

You're not logged in!

Compare scores with friends on all Sporcle quizzes.
OR
Log In

Show Comments

Extras

Created Oct 13, 2013ReportNominate
Tags:Kpop Quiz, Kpop Quiz

Top Quizzes Today


Score Distribution

Your Account Isn't Verified!

In order to create a playlist on Sporcle, you need to verify the email address you used during registration. Go to your Sporcle Settings to finish the process.

Report this User

Report this user for behavior that violates our Community Guidelines.

Details: